Statistics for 10 Biggest Cities in Order: France

Click here to take the quiz!

General Stats

  • This quiz has been taken 51 times
  • The average score is 8 of 10

Answer Stats

# Answer % Correct
1Paris
100%
2Marseille
96%
3Lyon
96%
4Toulouse
78%
7Strasbourg
78%
5Nice
76%
9Bordeaux
74%
6Nantes
72%
10Lille
67%
8Montpellier
59%

Score Distribution

Percentile by Number Answered

Percent of People with Each Score

Your Score History

You have not taken this quiz